000 00887nam2a22002531 4500
001 RU\NLR\INFOCOMM6\1000374220
005 20250617055102.0
035 _a(NLR Aleph) 002500542
090 _a2589089
_c2589089
100 _a20031229d1876 |||y0rusy50 ca
101 0 _arus
102 _aRU
105 _ay |||||||||
200 1 _aРоковое наследство
_fШаветт, Е.
210 _d1876
_aБ. м.
461 0 _1001RU\NLR\INFOCOMM6\1000374206
_12001#$aБиблиотека для чтения$eЕжемес. журн.$vГ.2 1876, №2
_92589019
_cСПб.
_d1875-1885
_nВ.И. Сахарова
_oЕжемес. журн.
_tБиблиотека для чтения
_vГ.2 1876, №2
700 1 _aШаветт
_bЕ.
_4700
801 1 _aRU
_bInfoComm
_c20031229
801 0 _aRU
_bNLR
_gPSBO
852 _aNLR
_j2/57
942 _cISSUE
980 _aNB
980 _aRUSPER